| 000 | 01232nam a2200313 a 4500 | ||
|---|---|---|---|
| 001 | 000113193 | ||
| 003 | CHAP | ||
| 005 | 20220329144343.0 | ||
| 008 | 170515s2016 mx sm |||||||spa d | ||
| 010 | _a109654 | ||
| 011 | _a110626 | ||
| 040 | _cCHAP | ||
| 090 | _aTesis | ||
| 100 | 0 | 0 |
_aOrdoñez Ovalle, Mario _983435 |
| 245 | 1 | 0 |
_aCrisis del café y estrategias de adaptación en el Municipio de Simojovel, Chiapas : _h[En línea] _bel caso de los productores de CIRSA, S de S.S. / _cpor Mario Ordoñez Ovalle. |
| 260 |
_aChiapas, Méx. : _bEl autor, _c2016. |
||
| 500 | _aPara ver el contenido del material haga clic en la liga | ||
| 502 | _aTesis (M.C. en Desarrollo Rural Regional) -- UACH. Dirección de Centros Regionales Universitarios | ||
| 590 |
_aE11695DGD _b10 _c20170517 _lUCH01 _h1526 |
||
| 590 |
_aE5765TAJ _b05 _c20170515 _lUCH01 _h0845 |
||
| 590 |
_aE5765TAJ _b05 _c20170515 _lUCH01 _h0845 |
||
| 650 | 1 | 4 |
_aCafé _xCultivo _xCambio climático. _9132183 |
| 650 | 1 | 4 |
_aCafé _xOrganización de productores. _9132166 |
| 650 | 1 | 4 |
_aCafeticultores _xAspectos económicos _zChiapas. _9132182 |
| 856 |
_aFinding aid _uhttp://10.13.5.2/tesis/sist113193.pdf _zTeclea aquí |
||
| 901 | _aBK | ||
| 942 | _cTESIS | ||
| 942 | _n0 | ||
| 999 |
_c109654 _d109654 |
||